000 01445nam a2200265Ia 4500
005 20220316235736.0
008 121119s1993 ck gr 000 f spa
020 _a9586551369
041 0 _aspa
100 1 _aFayad, Luis
_d1945-
245 1 4 _aLos parientes de Ester
_cLuis Fayad
250 _aPrimera edición
300 _a233 páginas
_c19 cm
520 2 _aLa vida en el centro de la vieja capital colombiana toma cuerpo a medida que Fayad desarrolla una prosa directa, vacunada contra los circunloquios y los laberintos de estilo, concediendo lo mínimo posible al facilismo o a la truculencia, ofreciendo al lector frases cargadas de sentido y de humor, así este sea en no pocas ocasiones amargo. Una prosa bien aprendida en el cine de los años en que Gregorio Camero (personaje central de esta novela) recorre las calles, las plazas, los cafés, los bares de mala muerte de una ciudad que desaparece entre la deslumbrante corrupción de los gobiernos del llamado Frente Nacional, cuando todo, en Colombia, empezó a desaparecer
650 1 4 _aNovela colombiana
_2LEMB
650 1 4 _aLiteratura colombiana
_2LEMB
650 1 4 _aVida cotidiana en la literatura
_2LEMB
942 _2loc
_cBKLIT
264 _aMedellín
_bUniversidad de Antioquia
_c1993
336 _atexto
_btxt
_2rdacontent
337 _asin mediación
_bn
_2rdamedia
338 _avolumen
_bnc
_2rdacarrier
040 _aCO-BoRNBP
_bspa
_erda
_cCO-BoRNBP
084 _aN FAY1
999 _c2016
_d2016